| 000 | 01414nam0a2200349 i 4500 | ||
|---|---|---|---|
| 001 | RU\NLR\BIBL_A\011537615 | ||
| 005 | 20241105194643.0 | ||
| 010 |
_a9785433802827 _9300 |
||
| 021 |
_aRU _b2017-82943 _95921 |
||
| 035 | _a(RuMoRGB)009439202 | ||
| 035 | _a(NLR Aleph) 011537615 | ||
| 090 |
_a12178630 _c12178630 |
||
| 100 | _a20171123d2016 u y0rusy50 ca | ||
| 101 | 0 | _arus | |
| 102 | _aRU | ||
| 105 | _aach|z|||000zy | ||
| 200 | 1 |
_aЛопьял _fВладимир Шеин |
|
| 210 |
_aКиров _cВЕСИ _d2016 |
||
| 215 |
_a82, [1] с., [8] л. цв. ил., портр. _cил., портр., факс. _d21 |
||
| 225 | 1 | _a"Васнецовское кольцо" Уржумской епархии | |
| 320 | _aБиблиогр.: с. 82 и в подстроч. примеч. | ||
| 601 | 0 | 2 |
_aРусская православная церковь _xИстория _yКировская область _92155129 _3RU\NLR\AUTH\661297484 |
| 602 |
_aВаснецовы (семья художников) _92188216 _3RU\NLR\AUTH\6601551505 |
||
| 602 |
_aВаснецовы (род) _92329155 _3RU\NLR\AUTH\6601617252 |
||
| 686 | 1 | _aЭ372.24-39(2Р-4Ки) | |
| 686 | 1 | _aЩ103(2Р=Рус)-8 | |
| 700 | 1 |
_aШеин _bВ. Ю. _f1963- _gВладимир Юрьевич |
|
| 942 | _cBOOK | ||
| 980 | _aNBR | ||